000 00408nam a22001337a 4500
008 131210b xxu||||| |||| 00| 0 eng d
050 _aE185.95.D73A25 1995
100 _aLewis, David L.
_95381
245 _aW.E.B Du Bois
_bA Reader
_c David L. Lewis
260 _aNew York
_bHenry Holt and Company
_c1995
300 _axiv, 801p. ;
_c24cm.
650 _aAfro-Americans
_zAfrica
_95382
942 _2lcc
_cMONOGRAPH
999 _c119153
_d119153